Les 50 villes les plus peuplées au monde - Statistiques

Statistiques générales
  • Ce quiz a été pris 168 fois
  • Le résultat moyen est 26 sur 50
Statistiques - réponses
Pays Population Ville % Correct
Japon 37 115 000 Tokyo
100%
Inde 33 807 000 Delhi
95%
Égypte 22 623 000 Le Caire
92%
Mexique 22 505 000 Mexico
92%
Chine 22 189 000 Pékin
92%
Brésil 13 824 000 Rio de Janeiro
92%
Chine 29 867 000 Shanghai
89%
Royaume-Uni 9 748 000 Londres
86%
Russie 12 712 000 Moscou
85%
Brésil 22 806 000 São Paulo
83%
Corée du sud 10 004 000 Séoul
83%
Turquie 16 047 000 Istanbul
82%
États-Unis 8 097 000 New York
82%
Inde 21 623 000 Mumbai
77%
Argentine 15 618 000 Buenos Aires
76%
Pérou 11 361 000 Lima
75%
Thaïlande 11 233 000 Bangkok
74%
Japon 18 967 000 Osaka
74%
Indonésie 11 436 000 Jakarta
72%
République Démocratique du Congo 17 032 000 Kinshasa
71%
Colombie 11 658 000 Bogotá
69%
Philippines 14 942 000 Manille
66%
Iran 9 616 000 Téhéran
66%
Nigeria 16 536 000 Lagos
62%
Chine 14 590 000 Canton
56%
Bangladesh 23 935 000 Dacca
56%
Irak 7 921 000 Bagdad
54%
Malaisie 8 815 000 Kuala Lumpur
54%
Vietnam 9 567 000 Hô-Chi-Minh-Ville
52%
Inde 15 570 000 Calcutta
48%
Chine 8 950 000 Wuhan
42%
Angola 9 651 000 Luanda
38%
Pakistan 17 648 000 Karachi
37%
Tanzanie 8 161 000 Dar es Salaam
32%
Chine 13 311 000 Shenzhen
32%
Inde 14 008 000 Bangalore
30%
Pakistan 14 407 000 Lahore
29%
Chine 9 013 000 Xi'an
26%
Japon 9 556 000 Nagoya
21%
Inde 12 053 000 Chennai
17%
Chine 9 928 000 Chengdu
16%
Inde 11 068 000 Hyderabad
15%
Inde 8 854 000 Ahmedabad
12%
Chine 14 470 000 Tianjin
12%
Chine 9 947 000 Nanjing
10%
Chine 8 419 000 Hangzhou
6%
Chine 17 773 000 Chongqinq
2%
Chine 7 830 000 Shenyang
2%
Chine 8 350 000 Suzhou
2%
Inde 8 330 000 Sourate
1%
Aucun quiz correspondant
Distribution des résultats
% des personnes avec chaque résultat
Percentile par nombre de réponses
Votre historique - résultats
Vous n’avez pas pris ce quiz